Science policies of industrial nations : Case studies of the United States, Soviet Union, United Kingdom, France, Janpan, and Sweden

Saved in:
Bibliographic Details
Main Author: Long, T. Dixon
Format: Book
Language:Undetermined
Published: New York Praeger Publishers 1975
Subjects:
Tags: Add Tag
No Tags, Be the first to tag this record!
Institutions: Trung tâm Học liệu Trường Đại học Cần Thơ
LEADER 00607nam a2200181Ia 4500
001 CTU_78516
008 210402s9999 xx 000 0 und d
082 |a 600 
082 |b L848 
100 |a Long, T. Dixon 
245 0 |a Science policies of industrial nations : 
245 0 |b Case studies of the United States, Soviet Union, United Kingdom, France, Janpan, and Sweden 
245 0 |c T. Dixon Long, Christopher Wright 
260 |a New York 
260 |b Praeger Publishers 
260 |c 1975 
650 |a Science and state,Technology and state 
980 |a Trung tâm Học liệu Trường Đại học Cần Thơ